00677 2200289 4500001002100000005001500021035002000036007000300056008004100059020002200100082000800122084001800130100000900148245003400157260002000191990001600211990001600227990001600243990001600259990001600275990001600291990001600307990001600323990001600339990001600355990001600371INLIS00000000000011420211115094504 a0010-0421000114ta211115 g 0 ind  a978-602-254-114-1 a330 a330 ALA e.c.10 aAlam1 aEKONOMI untuk SMA/MA Kelas XI aJakarta :bESIS a2017/p/0333 a2017/p/0334 a2017/p/0335 a2017/p/0336 a2017/p/0337 a2017/p/0338 a2017/p/0339 a2017/p/0340 a2017/p/0341 a2017/p/0342 a2021/p/1099